AH International Schools' Libraries

Ready, Steady Dress-Up Time / (Record no. 48792)

MARC details
000 -LEADER
fixed length control field 00321nam a2200097 4500
020 ## - INTERNATIONAL STANDARD BOOK NUMBER
International Standard Book Number 9780552573856
100 ## - MAIN ENTRY--PERSONAL NAME
Personal name Timewell, Kerry,
Relator term Illustrator.
9 (RLIN) 86213
245 ## - TITLE STATEMENT
Title Ready, Steady Dress-Up Time /
Remainder of title with peekaboo flaps.
Statement of responsibility, etc Illustrated by Kerry Timewell.
260 ## - PUBLICATION, DISTRIBUTION, ETC. (IMPRINT)
Place of publication, distribution, etc Great Britain :
Name of publisher, distributor, etc Picture Corgi ;
Date of publication, distribution, etc 2015.
942 ## - ADDED ENTRY ELEMENTS (KOHA)
Source of classification or shelving scheme
Koha item type Board Book
Holdings
Withdrawn status Lost status Source of classification or shelving scheme Damaged status Not for loan Home library Current library Date acquired Total Checkouts Full call number Barcode Checked out Date last seen Date checked out Price effective from Koha item type
          Logos International School Logos International School 04/01/2025 5 BB TIM 040588 04/13/2026 04/03/2026 04/03/2026 04/01/2025 Book

For any Logos Library related questions please contact Miss Art at swongnarasuk@asianhope.org.

For any Asian Hope Library related questions please contact Miss Raza at graza@asianhope.org.

Click here to explore our ebooks!

Powered by Koha